Govt. of
Madhya Pradesh

एक ऐसी दुनिया की तलाश में (Record no. 54952)

MARC details
000 -LEADER
fixed length control field 00566nam a22001697a 4500
003 - CONTROL NUMBER IDENTIFIER
control field MACL
005 - DATE AND TIME OF LATEST TRANSACTION
control field 20160726112201.0
008 - FIXED-LENGTH DATA ELEMENTS--GENERAL INFORMATION
fixed length control field 160726b xxu||||| |||| 00| 0 eng d
040 ## - CATALOGING SOURCE
Transcribing agency MACL
041 ## - LANGUAGE CODE
Language code of text/sound track or separate title Hindi
082 ## - DEWEY DECIMAL CLASSIFICATION NUMBER
Classification number 891.431 SHI
100 ## - MAIN ENTRY--PERSONAL NAME
Personal name शीतांश, अरूण
9 (RLIN) 65282
245 ## - TITLE STATEMENT
Title एक ऐसी दुनिया की तलाश में
Statement of responsibility, etc. अरूण शीतांश
260 ## - PUBLICATION, DISTRIBUTION, ETC. (IMPRINT)
Place of publication, distribution, etc. नई दिल्‍ल्‍ाी
Name of publisher, distributor, etc. जीवंत प्रकाशन
Date of publication, distribution, etc. 2011
630 ## - SUBJECT ADDED ENTRY--UNIFORM TITLE
Language of a work कविता
9 (RLIN) 65283
942 ## - ADDED ENTRY ELEMENTS (KOHA)
Source of classification or shelving scheme
Koha item type Hindi Books
Holdings
Withdrawn status Lost status Source of classification or shelving scheme Damaged status Not for loan Home library Current library Date acquired Cost, normal purchase price Total Checkouts Full call number Barcode Date last seen Price effective from Koha item type
          MACL MACL 27/07/2016 200.00   891.431 SHI CRH031360 27/07/2016 27/07/2016 Hindi Books